| 000 | 00663nam a2200229 a 4500 | ||
|---|---|---|---|
| 001 | BRCA_5741 | ||
| 005 | 20190320205211.0 | ||
| 008 | 040311s19uu----fr-a######---#000-0#fre-# | ||
| 041 | _afre | ||
| 044 | _afr | ||
| 050 | 4 |
_aNA5551 _b.H86 1920 |
|
| 100 | 1 |
_aHouvet, Etienne _d1868-1949 _914564 |
|
| 245 | 1 | 0 |
_aPour Connaitre les Styles _cEtienne Houvet. |
| 260 |
_aChartres, Francia _bE. Houvet _c[1920] |
||
| 300 |
_a1 v. (sin paginación), 7 h. sueltas _bil., 4 láminas _c29 cm. |
||
| 500 | _aE183 | ||
| 650 | 1 | 4 |
_aArquitectura religiosa _xEstilos _914565 |
| 650 | 1 | 4 |
_aCatedrales _zFrancia _914566 |
| 650 | 1 | 4 |
_aVitrales _91178 |
| 902 | _aGFM | ||
| 942 |
_2lcc _cB |
||
| 999 |
_c5431 _d5431 |
||